<?xml version="1.0" encoding="UTF-8"?>
<collection xmlns="http://www.loc.gov/MARC21/slim">
 <record>
  <leader>00806pamaa2200253   4500</leader>
  <controlfield tag="001">0000041534</controlfield>
  <controlfield tag="005">20100507090000.0</controlfield>
  <datafield tag="020" ind1="0" ind2="0">
   <subfield code="a">0789567598 (pbk.) </subfield>
  </datafield>
  <datafield tag="090" ind1="0" ind2="0">
   <subfield code="a">TK5105.875.I57 </subfield>
   <subfield code="b">DIS 2004</subfield>
  </datafield>
  <datafield tag="245" ind1="1" ind2="0">
   <subfield code="a">Discovering the internet : </subfield>
   <subfield code="b">complete concepts and techniques  </subfield>
   <subfield code="c">Gary B. Shelly, Thomas J. Cashman, H. Albert Napier, Philip J. Judd and Emily Kaufmann.</subfield>
  </datafield>
  <datafield tag="260" ind1="0" ind2="0">
   <subfield code="a">Boston, Massachusetts: </subfield>
   <subfield code="b">Course Technology, </subfield>
   <subfield code="c">2004.</subfield>
  </datafield>
  <datafield tag="300" ind1=" " ind2=" ">
   <subfield code="a">xvi, 560p: </subfield>
   <subfield code="b">ill; </subfield>
   <subfield code="c">28 cm.</subfield>
  </datafield>
  <datafield tag="440" ind1="0" ind2="0">
   <subfield code="a">Shelly cashman series</subfield>
  </datafield>
  <datafield tag="650" ind1="0" ind2="0">
   <subfield code="a">Internet </subfield>
  </datafield>
  <datafield tag="650" ind1="0" ind2="0">
   <subfield code="a">Wide area network </subfield>
  </datafield>
  <datafield tag="700" ind1="1" ind2="1">
   <subfield code="a">Napier, </subfield>
   <subfield code="h">H. Albert </subfield>
  </datafield>
  <datafield tag="700" ind1="1" ind2="1">
   <subfield code="a">Kaufmann, </subfield>
   <subfield code="h">Emily </subfield>
  </datafield>
  <datafield tag="700" ind1="1" ind2="1">
   <subfield code="a">Cashman, </subfield>
   <subfield code="h">Thomas J. </subfield>
  </datafield>
  <datafield tag="700" ind1="1" ind2="1">
   <subfield code="a">Shelly, </subfield>
   <subfield code="h">Gary B. </subfield>
  </datafield>
  <datafield tag="700" ind1="1" ind2="1">
   <subfield code="a">JUDD, </subfield>
   <subfield code="h">Philip J. </subfield>
  </datafield>
  <datafield tag="901" ind1=" " ind2=" ">
   <subfield code="u">http://www.thomsonlearning.com</subfield>
  </datafield>
 </record>
</collection>
